000 00727nam a22002297a 4500
999 _c7185
_d7185
001 7185
003 BD-JhCC
005 20221031134023.0
008 180205s2016 bg a|||| |||| 00| 0 ben d
020 _a9789848991190
035 _a(BD-JhCC)7185
040 _aBD-JhCC
_dBD-JhCC
041 _aben
082 _a891.443
_bAHA 2016
100 _aআহমেদ, হুমায়ূন
245 _aকিশোর উপন্যাসসমগ্র /
_cহুমায়ূন আহমেদ
260 _aঢাকা :
_bঅন্বেষা প্রকাশন,
_c২০১৬.
300 _a৫১৮ পৃ. :
_c২২ সেমি.
650 _aCollection of Novel
942 _2ddc
_cBK
_09